000 01469cam a22003133a 4500
001 18765
003 PGUSA
005 20140828083411.0
008 060706s2006||||xxu|||||s|||||000 | eng d
040 _aPGUSA
_beng
042 _adc
050 4 _aE456
100 1 _aShelton, W. H.
_q(William Henry),
_d1840-
245 1 0 _aFamous Adventures And Prison Escapes of the Civil War
_h[electronic resource] /
_cW. H. Shelton
260 _bProject Gutenberg,
_c2006
505 0 _aWar diary of a Union woman in the South, ed. by G.W. Cable -- The locomotive chase in Georgia, by W. Pittenger -- Mosby's "Partizan rangers," by A. E. Richards -- A romance of Morgan's rough-riders: The raid, by B.W. Duke. The capture, by O.B. Willcox. The escape, by T.H. Hines -- Colonel Rose's tunnel at Libby prison, by F.E. Moran -- A hard road to travel out of Dixie, by W.H. Shelton -- Escape of General Breckenridge, by J.T. Wood.
506 _aPublic domain in the USA.
516 _aElectronic text
653 _aChattanooga Railroad Expedition, 1862
653 _aLibby Prison
653 _aMosby, John Singleton, 1833-1916
653 _aBreckinridge, John C. (John Cabell), 1821-1875
653 _aMorgan's Ohio Raid, 1863
653 _aUnited States -- History -- Civil War, 1861-1865 -- Personal narratives
700 1 _aCable, George Washington,
_d1844-1925
830 0 _aProject Gutenberg
_v18765
856 4 0 _uhttp://www.gutenberg.org/ebooks/18765
942 _cEB
999 _c248020
_d248020